000 00676nam a2200217 a 4500
001 000009483
005 20210311001128.0
008 090930s1994 dr a 000 p spa d
020 _a8489546010
040 _aDO-SdBNP
_bspa
_cBNPHU
082 _aRD861.44
_bA661z
100 1 _aArambilet, Luis
_924291
245 1 0 _aZona secreta /
_cLuis Arambilet.
260 _a[Santo Domingo] :
_b[s.n.],
_c1994.
300 _a[97 p.] :
_bil. ;
_c15 cm.
500 _aIncluye datos biográficos del autor en la contracubierta
590 _aInventariado, 2018/LP
650 0 _aPoesía dominicana
_966
650 4 _aLiteratura dominicaca
_924292
910 _aValidado. Control de calidad MFF
999 _c9243
_d9243